| 000 | 00859nam a2200229Ii 4500 | ||
|---|---|---|---|
| 003 | JO-AjNU | ||
| 008 | 230605s9999||||xx |||||||||||||| ||und|| | ||
| 017 | _a2009/6/3563 | ||
| 020 | _a978-9957-18-183-3 | ||
| 040 |
_aJO-AjNU _bara _erda _cJO-AjNU |
||
| 041 | _aara | ||
| 050 | 1 | 4 | _aLB2805.Q39 2010 |
| 100 | 3 |
_aالقيسي، هناء محمود, _eauthor _959892 |
|
| 245 | 0 | 0 | _aالادارة التربوية: مبادىء- نظريات- اتجاهات حديثة |
| 250 | _aالطبعة الاولى | ||
| 264 | 3 | 1 | _aعمان:دار المناهج للنشر والتوزيع، 2010 |
| 300 |
_a258ص _b ويحتوي على قائمة مراجع من ص251-ص258 |
||
| 336 |
_atext _btxt _2rdacontent |
||
| 337 |
_aunmediated _bn _2rdamedia |
||
| 338 |
_avolume _bnc _2rdacarrier |
||
| 650 | 4 |
_aالادارة التربوية -الادارة _959893 |
|
| 999 |
_aA26975 _c30543 _d30543 |
||